|
|
|
|
| LEADER |
01600nam a2200325 4500 |
| 001 |
DLU200194513 |
| 005 |
##20200205 |
| 020 |
# |
# |
|a 9786048116170
|
| 040 |
# |
# |
|a DLU
|b vie
|
| 041 |
# |
# |
|a vie
|
| 044 |
# |
# |
|a vn
|
| 082 |
# |
# |
|a 340
|b Pha
|
| 245 |
# |
# |
|a Pháp luật đại cương /
|c Nguyễn Thị Loan, Nguyễn Văn Nghiệp đồng chủ biên.
|
| 260 |
# |
# |
|a H. :
|b Tư pháp,
|c 2019.
|
| 300 |
# |
# |
|a 462 tr. ;
|c 21 cm.
|
| 505 |
# |
# |
|a Chương 1. Những vấn đề cơ bản về Nhà nước -- Chương 2. Những vấn đề cơ bản về pháp luật -- Chương 3. Quy phạm pháp luật, quan hệ pháp luật, văn bản quy phạm pháp luật -- Chương 4. Xây dựng pháp luật và thực hiện pháp luật -- Chương 5. Vi phạm pháp luật, trách nhiệm pháp lý, pháp chế Xã hội Chủ nghĩa -- Chương 6. Luật Hiến pháp Việt Nam -- Chương 7. Luật hành chính và tố tụng hành chính -- Chương 8. Luật hình sự và tố tụng hình sự -- Chương 9. Luật dân sự, tố tụng dân sự, hôn nhân và gia đình -- Chương 10. Pháp luật kinh doanh -- Chương 11. Pháp luật lao động -- Chương 12. Pháp luật quốc tế.
|
| 650 |
# |
# |
|a Luật pháp
|x Giáo trình.
|
| 700 |
# |
# |
|a Nguyễn Thị Loan,
|c TS.
|e chủ biên.
|
| 700 |
# |
# |
|a Nguyễn Văn Nghiệp,
|c TS.
|e chủ biên.
|
| 923 |
# |
# |
|a 08/2019
|
| 991 |
# |
# |
|a SH
|
| 992 |
# |
# |
|a 155000
|
| 994 |
# |
# |
|a DLU
|
| 900 |
# |
# |
|a True
|
| 911 |
# |
# |
|a Nguyễn Thanh Hương
|
| 925 |
# |
# |
|a G
|
| 926 |
# |
# |
|a A
|
| 927 |
# |
# |
|a SH
|
| 980 |
# |
# |
|a Thư viện Trường Đại học Đà Lạt
|